|
|
|
|
| LEADER |
00000nmm a2200000 a 4500 |
| 008 |
180925b2005 cr ||||| |||| 00| | spa d |
| 999 |
|
|
|c 2443
|d 2443
|
| 090 |
|
|
|a CD #126
|
| 110 |
|
|
|9 760
|a Instituto de Investigación en Educación
|
| 245 |
1 |
4 |
|a Taller con Padres /
|c Instituto de Investigación en Educación
|
| 260 |
|
|
|a San José, Costa Rica :
|b INIE,
|c 2005
|
| 300 |
|
|
|a Disco Compacto
|b Videodisco
|
| 500 |
|
|
|a Video CILEM\ Proyecto 109
|
| 650 |
1 |
4 |
|a VALORES SOCIALES
|9 594
|
| 650 |
1 |
4 |
|a FORMACIÓN
|9 4123
|
| 650 |
1 |
4 |
|a FAMILIA
|9 404
|
| 650 |
1 |
4 |
|a NIÑOS
|9 59
|
| 650 |
1 |
4 |
|a NIÑAS
|9 60
|
| 650 |
1 |
4 |
|a DOCENTES
|9 331
|
| 650 |
1 |
4 |
|a ESCUELAS
|9 300
|
| 650 |
1 |
4 |
|a IDENTIDAD
|9 1044
|
| 942 |
|
|
|i 003439
|h CD #126
|2 z
|c 08
|